000 00301nam a2200133Ia 4500
100 _aSaurabh/Kumar
942 _cBK
366 _f20
245 _aCloud computing:Insights in to new era infrastructure
260 _bWiley India
_c2011
300 _a208
546 _aENGLISH
_cComputers
999 _c26834
_d26834